Людомор на Поділлі: до 60-річчя голодомору (Запис № 319207)

МАРК-запис
000 -Лідер
fixed length control field 00826nam a22002657a 4500
001 - Контрольний номер
control field 32756
003 - Ідентифікатор контрольного номера
control field UA-OsUOA
005 - Дата та час останнього входження (трансакції)
control field 20210621231900.0
007 - Фіксоване поле фізичного опису
fixed length control field ta
008 - Елементи даних фіксованої довжини – загальна інформація
fixed length control field 20050210b un ||||| |||| 00| 0 ukr d
020 ## - Міжнародний стандартний книжковий номер (ISBN)
Міжнародний стандартний книжковий номер (ISBN) (НП) 5770743638
040 ## - Джерело каталогізації
Агенція оригінальної каталогізації UA-OsUOA
Мова каталогізації ukr
Агенція, яка здійснювала перезапис UA-OsUOA
Агенція, яка здійснювала модифікацію UA-OsUOA
041 ## - Код мови
Код мови тексту/ звукової доріжки чи окремого заголовка (П) ukr
044 ## - Код країни видавця/ виробника
Код країни видавця/ виробника (П) UA
080 ## - Індекс Універсальної десяткової класифікації
Індекс Універсальної десяткової класифікації (УДК) (НП) 94(477).075
090 ## - Локальний шифр розміщення
Класифікаційний індекс УДК 94(477).075
Авторський знак (НП) Ш95
100 ## - Основне введення – ім’я особи
Ім’я особи (НП) Шульга І.
245 ## - Відомості про назву
Назва (НП) Людомор на Поділлі: до 60-річчя голодомору
260 ## - Публікація, розповсюдження і т.п. (Вихідні дані)
Місце публікації, розповсюдження і т.п. (П) К.
Ім’я/ наймення видавництва, розповсюджувача і т.п. (П) Республіканська асоціація українознавців
Дата публікації, розповсюдження і т.п. (П) 1993
300 ## - Фізичний опис
Обсяг 235 c.
650 #7 - Додаткове предметне введення – тематичний термін
Тематичний термін чи географічна назва, як елемент введення (НП) 9 Географія. Біографії. Історія
Джерело заголовка чи терміна UDC
942 ## - Додаткові елементи входу (Коха)
Тип елемента Koha Книги
Source of classification or shelving scheme Universal Decimal Classification
955 ## - Код типу видання за змістом
Код типу видання за змістом (НП) Наукові видання
Фонди
Стан вилучень Стан втрат Джерело класифікації або схеми стелажів Стан уражень Не для кредиту Постійне місце розташування Поточне розміщення Дата придбання Інвентарний номер Усього замовленно Повний номер виклику Штрих-код Дата останнього перегляду Ціна ефективна від Тип елемента Koha Код колекції Джерело придбання Вартість, звичайна ціна покупки
    Universal Decimal Classification     АБ - Абонемент НБ АБ - Абонемент НБ 04/11/2003 20154   94(477).075 Ш95 20154 25/01/2022 04/11/2003 Книги      
    Universal Decimal Classification     АБ - Абонемент НБ АБ - Абонемент НБ 21/05/2014 145644   94(477).075 Ш95 145644 06/02/2022 10/02/2005 Книги Колекція Жулинського М.Г. 21/2014 12.00
    Universal Decimal Classification     Наукова бібліотека ІДУД Наукова бібліотека ІДУД 26/11/2007 2127316   94(477).075 Ш95 2127316 15/09/2019 27/11/2007 Книги   109/2007 1.00
    Universal Decimal Classification     ЧЗ - Читальна зала ЧЗ - Читальна зала 10/02/2005 80446   94(477).075 Ш95 80446 07/02/2022 10/02/2005 Книги     12.18